000 00588nam a22001937a 4500
005 20251108171811.0
008 250721s1998 xx 000 0 ara d
082 1 4 _a404/عبد
100 1 _aعبد الجليل، عبد القادر
245 1 0 _aالأصوات اللغوية /
264 1 _aعمان :
_bدار صفاء للنشر و التوزيع،
_c1998.
300 _a358ص
490 0 _aسلسلة الدراسات اللغوية ؛ 6
650 1 7 _aاللغات
650 1 7 _aالأصوات
650 1 7 _aاللغة العربية
942 _2ddc
_cBK
999 _c62855
_d62855